| 000 | 00000nas 2200000zi 4500 |
| 001 | 9.944958 |
| 003 | CaOODSP |
| 005 | 20250410151329 |
| 006 | m o d f |
| 007 | cr cn |||||||| |
| 008 | 241107d19731980oncar p o f0 0fre|d |
| 040 | |aCaOODSP|bfre|erda|cCaOODSP |
| 041 | 0 |aeng|afre |
| 043 | |an-cn--- |
| 086 | 1 |aNR1-1-PDF |
| 110 | 2 |aConseil national de recherches Canada.|eauteur, |eorganisme de publication. |
| 245 | 10|aReport of the President / |cNational Research Council Canada = Rapport du Président / Conseil national de recherches Canada. |
| 246 | 31|aRapport du Président |
| 264 | 1|aOttawa, Ont. : |bConseil national de recherches Canada, |c[1973-1980] |
| 310 | |aAnnuel |
| 336 | |atexte|btxt|2rdacontent/fre |
| 337 | |ainformatique|bc|2rdamedia/fre |
| 338 | |aressource en ligne|bcr|2rdacarrier/fre |
| 362 | 1 |aParaît depuis : 1972/1973; ne paraît plus après : 1979/1980. |
| 546 | |aTexte en anglais et en français. |
| 588 | |aDescription d'après : 1972/1973; titre de la page de titre du fichier PDF. |
| 588 | |aDernière livraison consultée : 1979/1980. |
| 610 | 26|aConseil national de recherches Canada|vPériodiques. |
| 650 | 6|aRecherche|zCanada|vPériodiques. |
| 650 | 6|aRecherche industrielle|zCanada|vPériodiques. |
| 655 | 7|aPériodiques|2rvmgf |
| 780 | 00|tRapport du Président / |w(CaOODSP)9.944908 |
| 785 | 00|tAnnual report.|w(CaOODSP)9.949948 |
| 788 | |tReport of the President / |eeng|w(CaOODSP)9.944959 |